00756nam a2200205 i 450000100060000000300090000600500170001500700030003200800410003508000170007610000410009324501650013426000410029930000290034049000380036970000430040770000420045083000380049285200200053020482ES-MaACL20250927102847.0t|021113q1913 fr ||||1| fre d a276(Agustin)0 aAgustín cSanto, Obispo de Hipona.14aLes confessions de Saint Augustin / ctraduction française d'Arnauld d'Andilly ; revue et adaptés pour le première fois au texte latin par M. Charpentier. aParis : bGrarnier Freres, c[1913?] aXXXVI, 602 p. ; c10 cm.1 aBibliothèque Latine-Française1 aArnaud d'Andilly, Robert (d1588-1674)1 aCharpentier, Jean-Pierre, d1797-18780 aBibliothèque Latine-Française aES-MaACLjG-626